Brosure undang-undang bea meterai (de Zegelverordening) (Record no. 65943)

MARC details
000 -LEADER
fixed length control field 00587cam a22002051 4500
001 - CONTROL NUMBER
control field sa 65008911
003 - CONTROL NUMBER IDENTIFIER
control field DLC
005 - DATE AND TIME OF LATEST TRANSACTION
control field 20260227112158.0
008 - FIXED-LENGTH DATA ELEMENTS--GENERAL INFORMATION
fixed length control field 890122s1950 io 000 0 ind
010 ## - LIBRARY OF CONGRESS CONTROL NUMBER
LC control number sa 65008911
035 ## - SYSTEM CONTROL NUMBER
System control number (OCoLC)23573774
040 ## - CATALOGING SOURCE
Original cataloging agency DLC
Transcribing agency MiU
Modifying agency DLC
042 ## - AUTHENTICATION CODE
Authentication code premarc
050 00 - LIBRARY OF CONGRESS CALL NUMBER
Classification number LAW <Indonesia 4 Posts 1950>
110 1# - MAIN ENTRY--CORPORATE NAME
Corporate name or jurisdiction name as entry element Indonesia.
245 10 - TITLE STATEMENT
Title Brosure undang-undang bea meterai (de Zegelverordening)
260 ## - PUBLICATION, DISTRIBUTION, ETC.
Place of publication, distribution, etc. Bandung.
Name of publisher, distributor, etc. Al Ma'arif [pendahuluan
Date of publication, distribution, etc. 1950]
300 ## - PHYSICAL DESCRIPTION
Extent 32 p.
Dimensions 15 cm.
650 #0 - SUBJECT ADDED ENTRY--TOPICAL TERM
Topical term or geographic name entry element Postal service
General subdivision Law and legislation
Geographic subdivision Indonesia

No items available.

Powered by Koha